Two Ladies - Cabaret 1972 (lyrics) - Statistics

General Stats
  • This quiz has been taken 18 times
  • The average score is 110 of 144
Answer Stats
Answer % Correct
i
100%
ladies
100%
on
100%
the
100%
two
100%
and
92%
he
92%
i'm
92%
man
92%
only
92%
to
92%
we
92%
but
83%
do
83%
it
83%
like
83%
make
83%
one
83%
our
83%
she
83%
they
83%
bed
75%
bread
75%
common
75%
cooking
75%
daily
75%
for
75%
go
75%
me
75%
out
75%
thing
75%
earn
67%
in
67%
key
67%
this
67%
he's
58%
ja
58%
middle
58%
right
58%
room
58%
some
58%
there's
58%
you
58%
bottom
50%
drop
50%
if
50%
left
50%
night
50%
und
50%
we've
50%
as
42%
nothing
42%
partners
42%
play
42%
please
42%
sleep
42%
switch
42%
beats
33%
onesie
33%
threes
33%
twosie
33%
drei
25%
eins
25%
zwei
25%
los!
17%
No matching quizzes found
Score Distribution
Percent of People with Each Score
Percentile by Number Answered
Your Score History
You have not taken this quiz